| 000 | 01332nam a2200361 c 4500 | ||
|---|---|---|---|
| 003 | BLK | ||
| 005 | 20180422111527.0 | ||
| 008 | 180409b bul|||||r ||||||| ||bul|| | ||
| 010 | _aKNG00136688000 | ||
| 020 |
_a978-954-07-2935-0 _bиздат.: Унив. изд. Св. Климент Охридски |
||
| 040 | _aBLK | ||
| 041 |
_aBUL _cBUL |
||
| 072 | 7 |
_2bullib _aН92 _xИстория Н |
|
| 080 |
_aИстория на Европа. Средни векове (375-1492) _b940.1 _x _z940.1 |
||
| 100 | 1 |
_aБакалов, Георги Петров _eпърви автор _9364708 |
|
| 139 |
_aБакалов, Георги Петров _bБ 16 |
||
| 245 | 1 | 0 |
_aСредновековие и съвременност _cГеорги Петров Бакалов. |
| 257 | _aBGR | ||
| 260 |
_аСофия _bУнив. изд. Св. Климент Охридски _c2011 |
||
| 300 |
_a631 с. _c24 см |
||
| 380 | _a9 | ||
| 500 | _aСъдържа и за авт. | ||
| 650 | 4 |
_aЕвропа - история, средни векове _9241743 |
|
| 651 | 4 |
_aЕвропа _9244407 |
|
| 653 | _aСредновековие | ||
| 653 | _aистория | ||
| 659 | _aН | ||
| 852 | _aЦб 257229 | ||
| 856 | 4 |
_qpdf _u |
|
| 856 | 4 |
_qpdf _u |
|
| 942 |
_cKNG _n0 |
||
| 944 |
_aCR _c03.04.2007 _lф / _kЛюдмила_Стоянова |
||
| 944 |
_aED _c19.03.2013 _lф / _k |
||
| 999 |
_c130892 _d130892 |
||